[Event "Mineiro-ch"]
[Site "Varginha"]
[Date "2006.01.??"]
[Round "1"]
[White "Ferreira, Nelson Castelo Bran"]
[Black "Gazel Pereira, Frederico"]
[Result "1/2-1/2"]
[WhiteElo "2150"]
[BlackElo "2074"]
[PlyCount "92"]
[EventDate "2006.01.13"]
[EventType "tourn"]
[EventRounds "11"]
[EventCountry "BRA"]
[SourceTitle "EXT 2022"]
[Source "ChessBase"]
[SourceDate "2021.10.06"]
[SourceVersion "1"]
[SourceVersionDate "2021.10.06"]
[SourceQuality "1"]

1. e4 d5 2. exd5 Qxd5 3. Nc3 Qa5 4. d4 Nf6 5. Nf3 Bf5 6. Bd2 c6 7. Bc4 e6 8. Nd5 Qd8 9. Nxf6+ Qxf6 10. Bc3 Qh6 11. Qe2 Be7 12. Ne5 Nd7 13. Nxd7 Kxd7 14. g4 Bg6 15. h4 Qf4 16. h5 Be4 17. Rh3 Bg5 18. Bd2 Qxd2+ 19. Qxd2 Bxd2+ 20. Kxd2 h6 21. Re1 Bh7 22. f4 Rad8 23. b4 Kc7 24. c3 b5 25. Bd3 Bxd3 26. Rxd3 a5 27. f5 Rhe8 28. fxe6 fxe6 29. Re5 axb4 30. cxb4 Ra8 31. a3 Kd6 32. Rde3 Ra7 33. Kc2 Rf7 34. g5 Rf4 35. gxh6 gxh6 36. Kc3 Kd7 37. a4 bxa4 38. Ra5 Rf5 39. Ree5 Rf3+ 40. Kc4 a3 41. b5 cxb5+ 42. Rexb5 Ke7 43. Rb7+ Kf6 44. Rh7 Rc8+ 45. Kb4 Rb8+ 46. Kc4 Rf5 1/2-1/2

[Event "Batalha dos Mestres op 2nd"]
[Site "Lisbon"]
[Date "2003.10.02"]
[Round "2.2"]
[White "Ferreira, Nelson Castelo Bran"]
[Black "Marques, Rui Filipe Pereira"]
[Result "1/2-1/2"]
[WhiteElo "2178"]
[BlackElo "1927"]
[PlyCount "98"]
[EventDate "2003.10.01"]
[EventType "swiss"]
[EventRounds "9"]
[EventCountry "POR"]
[SourceTitle "CBM 097 Extra"]
[Source "ChessBase"]
[SourceDate "2004.01.13"]
[SourceVersion "1"]
[SourceVersionDate "2004.01.13"]
[SourceQuality "1"]

1. d4 d5 2. Nf3 Nf6 3. c4 c6 4. Nc3 e6 5. e3 Nbd7 6. Qc2 b6 7. cxd5 exd5 8. Bd3 Bb7 9. 0-0 Be7 10. Re1 0-0 11. Bd2 Re8 12. Ne5 c5 13. b3 Nxe5 14. dxe5 Ne4 15. Nxe4 dxe4 16. Bb5 Rf8 17. Bc3 Qc7 18. Rad1 Rad8 19. Qe2 Qc8 20. a4 Rxd1 21. Rxd1 Rd8 22. Bc4 Rxd1+ 23. Qxd1 Ba6 24. Bxa6 Qxa6 25. Qd7 Qd3 26. Qxd3 exd3 27. Kf1 a6 28. Ke1 b5 29. Kd2 c4 30. bxc4 bxc4 31. f4 f6 32. Ba5 fxe5 33. Kc3 Bc5 34. Kxc4 Bxe3 35. Kxd3 exf4 36. Ke4 g5 37. Bd8 h6 38. h4 gxh4 39. Bxh4 Bc1 40. Bd8 Kf7 41. Kf5 h5 42. Bg5 Bd2 43. Bf6 Bc1 44. Be5 Bd2 45. Bc7 Bc1 46. Ba5 Be3 47. Be1 Bc1 48. Bh4 Bd2 49. Bg5 Bc1 1/2-1/2

[Event "Marques de Pombal op-2"]
[Site "Pombal"]
[Date "2002.11.10"]
[Round "4"]
[White "Dias, Paulo Jorge Guimara"]
[Black "Ferreira, Nelson Castelo Bran"]
[Result "1/2-1/2"]
[WhiteElo "2350"]
[BlackElo "2218"]
[PlyCount "93"]
[EventDate "2002.11.11"]
[EventType "rapid"]
[EventRounds "8"]
[EventCountry "POR"]
[SourceTitle "CBM 091 Extra"]
[Source "ChessBase"]
[SourceDate "2003.01.09"]
[SourceVersion "1"]
[SourceVersionDate "2003.01.09"]
[SourceQuality "1"]

1. d4 d5 2. c4 e6 3. Nc3 Nf6 4. Nf3 Be7 5. Bf4 c6 6. e3 0-0 7. c5 b6 8. b4 bxc5 9. bxc5 Qa5 10. Qd2 Nh5 11. Bd3 Ba6 12. 0-0 Bxd3 13. Qxd3 Nd7 14. Qd2 Kh8 15. Be5 f6 16. Bg3 Nxg3 17. hxg3 Rab8 18. Rab1 e5 19. Qc2 g6 20. Nd2 Rfd8 21. Nb3 Qc7 22. Ne2 Nf8 23. Qc3 Ne6 24. Qa5 Qd7 25. Qa6 Nc7 26. Qa4 e4 27. Nc3 Nb5 28. Nxb5 Rxb5 29. Rb2 Rdb8 30. Rfb1 Kg7 31. Qa3 Qb7 32. Rc2 Rb4 33. Qc1 a5 34. Ra1 a4 35. Nd2 Qb5 36. Qf1 Qxf1+ 37. Kxf1 Rb2 38. Rac1 Bd8 39. Ke2 Ba5 40. Nf1 a3 41. f3 Rxc2+ 42. Rxc2 Rb7 43. Kd1 Rb1+ 44. Rc1 Rb2 45. Rc2 Rb1+ 46. Rc1 Rb2 47. Rc2 1/2-1/2

[Event "POR-ch"]
[Site "Lisbon"]
[Date "2002.??.??"]
[Round "3"]
[White "Galego, Luis"]
[Black "Ferreira, Nelson Castelo Bran"]
[Result "1-0"]
[WhiteElo "2521"]
[BlackElo "2178"]
[PlyCount "127"]
[EventDate "2002.??.??"]
[EventType "swiss"]
[EventRounds "9"]
[EventCountry "POR"]
[SourceTitle "EXT 2003"]
[Source "ChessBase"]
[SourceDate "2002.11.25"]
[SourceVersion "1"]
[SourceVersionDate "2002.11.25"]
[SourceQuality "1"]

1. e4 c6 2. d4 d5 3. exd5 cxd5 4. c4 Nf6 5. Nc3 e6 6. Nf3 Nc6 7. Bd3 Be7 8. 0-0 dxc4 9. Bxc4 0-0 10. a3 b6 11. Re1 Bb7 12. Ba2 Qd6 13. Bg5 Rad8 14. Qe2 Nxd4 15. Nxd4 Qxd4 16. Nb5 Qc5 17. Be3 Qc6 18. f3 a6 19. Nd4 Qd6 20. Bf2 Nd5 21. Rad1 Bf6 22. Qc2 Rd7 23. Bg3 Qc5 24. Qxc5 bxc5 25. Nb3 Rc8 26. Bf2 Be7 27. Na5 Ba8 28. Bc4 Rb8 29. Nb3 Bc6 30. Nxc5 Bxc5 31. Bxc5 Rxb2 32. Bxa6 Nf4 33. Bf1 h5 34. h4 Rd5 35. Be3 Ng6 36. Bf2 Rxd1 37. Rxd1 Ra2 38. Rc1 Bd5 39. Rc3 Ra1 40. Bg3 Ne7 41. Be5 Re1 42. Bc7 Ra1 43. Kf2 Nf5 44. Bd3 Ra2+ 45. Kg1 Nxh4 46. Bc2 Nf5 47. Bb6 h4 48. a4 g6 49. a5 h3 50. gxh3 Nh4 51. Be4 Bxe4 52. fxe4 Kg7 53. Kf1 g5 54. Ke1 Ng2+ 55. Kd1 Nf4 56. Rf3 e5 57. Kc1 f5 58. exf5 e4 59. Re3 Ra4 60. Kb2 Nd5 61. Ra3 Rb4+ 62. Rb3 Ra4 63. Rb5 Nf4 64. Kb3 1-0

[Event "Lisbon-ch fin"]
[Site "Odivelas"]
[Date "2001.??.??"]
[Round "6"]
[White "Fernandes, Antonio ETG"]
[Black "Ferreira, Nelson Castelo Bran"]
[Result "1-0"]
[WhiteElo "2465"]
[BlackElo "2178"]
[PlyCount "115"]
[EventDate "2001.??.??"]
[EventType "tourn"]
[EventRounds "11"]
[EventCountry "POR"]
[SourceTitle "EXT 2002"]
[Source "ChessBase"]
[SourceDate "2001.11.25"]
[SourceVersion "1"]
[SourceVersionDate "2001.11.25"]
[SourceQuality "1"]

1. d4 d6 2. e4 Nf6 3. Nc3 g6 4. Be3 Bg7 5. Qd2 0-0 6. f3 c6 7. 0-0-0 Qa5 8. Kb1 e5 9. g4 Na6 10. Nge2 b5 11. Nd5 Qxd2 12. Ne7+ Kh8 13. Rxd2 Bb7 14. g5 Nxe4 15. fxe4 Rfe8 16. d5 Rxe7 17. dxc6 Bxc6 18. Nc3 Nc7 19. Rxd6 Re6 20. Rd2 f5 21. Bh3 b4 22. Nd5 Bxd5 23. exd5 Rd6 24. Rhd1 Rad8 25. Bxa7 Rxd5 26. Rxd5 Rxd5 27. Rxd5 Nxd5 28. a4 bxa3 29. bxa3 e4 30. c4 Nf4 31. Bf1 Ne6 32. a4 Bc3 33. Bb6 f4 34. a5 Bd4 35. Bh3 e3 36. Bg4 Bxb6 37. axb6 Nc5 38. Kc2 Kg8 39. Bf3 Kf8 40. b7 Na6 41. Kd3 Nc5+ 42. Ke2 Na6 43. Kd3 Nc5+ 44. Ke2 Na6 45. Bc6 Ke7 46. Bb5 Nb8 47. c5 Kd8 48. Kf3 Kc7 49. Kxf4 Kxb7 50. Kxe3 Nc6 51. Bxc6+ Kxc6 52. Kd4 Kc7 53. Kd5 Kd7 54. h4 Kc7 55. c6 Kc8 56. Kd6 Kd8 57. c7+ Kc8 58. Kc6 1-0

[Event "Campo Grande"]
[Site "Campo Grande"]
[Date "2001.??.??"]
[Round "5"]
[White "Ferreira, Nelson Castelo Bran"]
[Black "Frois, Antonio"]
[Result "0-1"]
[WhiteElo "2178"]
[BlackElo "2349"]
[PlyCount "135"]
[EventDate "2001.??.??"]
[EventType "tourn"]
[EventRounds "13"]
[EventCountry "POR"]
[SourceTitle "EXT 2002"]
[Source "ChessBase"]
[SourceDate "2001.11.25"]
[SourceVersion "1"]
[SourceVersionDate "2001.11.25"]
[SourceQuality "1"]

1. d4 d5 2. c4 e6 3. Nc3 c5 4. cxd5 exd5 5. Nf3 Nc6 6. Bf4 Nf6 7. e3 cxd4 8. Nxd4 Bb4 9. Bb5 Bd7 10. 0-0 0-0 11. Rc1 Rc8 12. Nxc6 Bxc6 13. Bd3 h6 14. Be5 Re8 15. Bd4 a6 16. Bf5 Ra8 17. a3 Bxc3 18. Rxc3 Ne4 19. Qg4 Qg5 20. Qxg5 hxg5 21. Rxc6 bxc6 22. Bd7 Re7 23. Bxc6 Rd8 24. Rd1 Re6 25. Ba4 Nd6 26. b4 Nb5 27. Bxb5 axb5 28. Rc1 Rdd6 29. Rc8+ Kh7 30. Rb8 Ra6 31. Rxb5 Rxa3 32. Rxd5 Rb3 33. h3 g4 34. hxg4 Rxb4 35. f3 Ra4 36. Kh2 Ra2 37. Rd7 f6 38. g5 Kg6 39. gxf6 gxf6 40. Kh3 Rc6 41. g4 Rcc2 42. Kg3 Rg2+ 43. Kh3 Rgf2 44. Kg3 Rfc2 45. Rd5 Rc7 46. Kf4 Rf7 47. Rb5 Ra6 48. Rb4 Rd6 49. Rb8 Rfd7 50. Rb4 Kf7 51. Rc4 Kg6 52. Ra4 Kf7 53. Ra8 Kg6 54. Rh8 Ra6 55. Rh5 Rf7 56. e4 Rd7 57. Rd5 Rb7 58. g5 fxg5+ 59. Rxg5+ Kh7 60. Kg4 Rb1 61. Kh5 Rh1+ 62. Kg4 Kh6 63. Be3 Ra3 64. Bf4 Kh7 65. Bg3 Rb1 66. Rf5 Kh6 67. Rh5+ Kg7 68. Rg5+ 0-1

[Event "Lisbon-ch fin"]
[Site "Odivelas"]
[Date "2001.??.??"]
[Round "2"]
[White "Prata, Jose Miguel Mendes"]
[Black "Ferreira, Nelson Castelo Bran"]
[Result "0-1"]
[WhiteElo "2086"]
[BlackElo "2178"]
[PlyCount "92"]
[EventDate "2001.??.??"]
[EventType "tourn"]
[EventRounds "11"]
[EventCountry "POR"]
[SourceTitle "EXT 2002"]
[Source "ChessBase"]
[SourceDate "2001.11.25"]
[SourceVersion "1"]
[SourceVersionDate "2001.11.25"]
[SourceQuality "1"]

1. e4 g6 2. d4 Bg7 3. Nf3 d6 4. Nc3 Bg4 5. Be3 Nd7 6. Bc4 Ngf6 7. h3 Bxf3 8. Qxf3 e5 9. Qd1 0-0 10. dxe5 dxe5 11. 0-0 c6 12. a4 Qe7 13. Qe2 Nh5 14. Rfd1 Nf4 15. Qf3 Nc5 16. Ne2 Nxe2+ 17. Bxe2 f5 18. exf5 Rxf5 19. Qg4 Kh8 20. Qb4 Bf8 21. f4 exf4 22. Bd4+ Bg7 23. Bxg7+ Kxg7 24. Bg4 Qe3+ 25. Kh1 a5 26. Qc4 Re5 27. Re1 Re4 28. Rxe3 Rxc4 29. Re7+ Kh6 30. c3 Re4 31. Rf7 Rae8 32. Rf1 Nxa4 33. Rxb7 Re1 34. Kg1 Rxf1+ 35. Kxf1 Kg5 36. b4 Nxc3 37. bxa5 Ra8 38. Rb3 Nb5 39. Bd7 Rxa5 40. Bxc6 Ra1+ 41. Kf2 Ra2+ 42. Kf1 Nd4 43. Rc3 Nf5 44. Rd3 Ne3+ 45. Kg1 Kh4 46. Rd7 Kg3 0-1

[Event "Lisbon-ch fin"]
[Site "Odivelas"]
[Date "2001.??.??"]
[Round "8"]
[White "Rodrigues, Afonso"]
[Black "Ferreira, Nelson Castelo Bran"]
[Result "0-1"]
[WhiteElo "2084"]
[BlackElo "2178"]
[PlyCount "88"]
[EventDate "2001.??.??"]
[EventType "tourn"]
[EventRounds "11"]
[EventCountry "POR"]
[SourceTitle "EXT 2002"]
[Source "ChessBase"]
[SourceDate "2001.11.25"]
[SourceVersion "1"]
[SourceVersionDate "2001.11.25"]
[SourceQuality "1"]

1. e4 c5 2. Nc3 Nc6 3. g3 g6 4. Bg2 Bg7 5. d3 d6 6. Be3 Nf6 7. h3 0-0 8. Qd2 Nd4 9. Nce2 e5 10. c3 Nc6 11. c4 Nd4 12. Nxd4 cxd4 13. Bh6 b5 14. Bxg7 Kxg7 15. cxb5 Bd7 16. a4 Qb6 17. Ne2 a6 18. bxa6 Rfb8 19. Rb1 Rxa6 20. 0-0 Rxa4 21. f4 Ng8 22. Rf2 Qa5 23. Qxa5 Rxa5 24. g4 Rab5 25. Nc1 Ne7 26. Bf3 R5b7 27. Bd1 f6 28. f5 g5 29. Kf1 Bb5 30. Rd2 Nc6 31. Bb3 Nb4 32. Be6 Rc7 33. Ke2 Ra8 34. b3 d5 35. exd5 e4 36. d6 exd3+ 37. Nxd3 Rc3 38. Bc4 Bxc4 39. bxc4 Re8+ 40. Kf1 Nxd3 41. Rb7+ Kg8 42. Rc7 Rc1+ 43. Kg2 Nf4+ 44. Kh2 Re3 0-1

[Event "Campo Grande"]
[Site "Campo Grande"]
[Date "2001.??.??"]
[Round "6"]
[White "Santos, Carlos Pereira Dos"]
[Black "Ferreira, Nelson Castelo Bran"]
[Result "1/2-1/2"]
[WhiteElo "2416"]
[BlackElo "2178"]
[PlyCount "137"]
[EventDate "2001.??.??"]
[EventType "tourn"]
[EventRounds "13"]
[EventCountry "POR"]
[SourceTitle "EXT 2002"]
[Source "ChessBase"]
[SourceDate "2001.11.25"]
[SourceVersion "1"]
[SourceVersionDate "2001.11.25"]
[SourceQuality "1"]

1. d4 d5 2. c4 e6 3. Nc3 Nf6 4. Bg5 Be7 5. cxd5 exd5 6. e3 0-0 7. Bd3 c6 8. Qc2 h6 9. Bf4 Nbd7 10. Nf3 a6 11. h3 c5 12. dxc5 Nxc5 13. 0-0 Be6 14. Rfd1 Rc8 15. Rac1 b5 16. Qb1 Qb6 17. Nd4 Rfd8 18. Nf5 Bf8 19. Be5 Nxd3 20. Qxd3 Bxf5 21. Qxf5 Qe6 22. Qxe6 fxe6 23. Ne2 Nd7 24. Bc7 Re8 25. Nf4 Bc5 26. Ba5 Kf7 27. e4 Bd6 28. Ne2 Nf6 29. exd5 Nxd5 30. Rxc8 Rxc8 31. Nc3 b4 32. Nxd5 exd5 33. Kf1 Rc2 34. Rxd5 Ke6 35. Rd3 Rxb2 36. Rb3 Rxa2 37. Bxb4 Be5 38. Bc3 Bxc3 39. Rxc3 a5 40. Rc7 Kf6 41. Ra7 h5 42. h4 g6 43. g3 Kf5 44. Kg2 a4 45. Ra6 a3 46. Kf3 Ra1 47. Ra5+ Kf6 48. Kf4 Rb1 49. Ra6+ Kg7 50. Rxa3 Rb4+ 51. Kf3 Rc4 52. Re3 Rc2 53. Re2 Rc3+ 54. Kf4 Rc4+ 55. Re4 Rc5 56. f3 Rf5+ 57. Ke3 Ra5 58. Rd4 Ra3+ 59. Ke4 Ra5 60. Rd5 Ra1 61. Ke5 Re1+ 62. Kf4 Rg1 63. g4 hxg4 64. fxg4 Kh6 65. Rd7 Rf1+ 66. Ke5 Re1+ 67. Kf6 Rf1+ 68. Ke7 Rf4 69. h5 1/2-1/2

[Event "Lisbon-ch"]
[Site "Lisbon"]
[Date "2000.05.30"]
[Round "10"]
[White "Andrade, Jose Manuel Vieira"]
[Black "Ferreira, Nelson Castelo Bran"]
[Result "1-0"]
[WhiteElo "2196"]
[BlackElo "2208"]
[PlyCount "81"]
[EventDate "2000.05.15"]
[EventType "tourn"]
[EventRounds "11"]
[EventCountry "POR"]
[SourceTitle "EXT 2002"]
[Source "ChessBase"]
[SourceDate "2001.11.25"]
[SourceVersion "1"]
[SourceVersionDate "2001.11.25"]
[SourceQuality "1"]

1. e4 d6 2. g3 Nf6 3. Bg2 g6 4. Ne2 Bg7 5. c4 e5 6. Nbc3 c5 7. a3 Nc6 8. Rb1 0-0 9. b4 b6 10. d3 Be6 11. 0-0 Qd7 12. Bg5 h6 13. Bxf6 Bxf6 14. Qa4 Rac8 15. h4 Bg7 16. Rbe1 Ne7 17. Qxd7 Bxd7 18. b5 f5 19. Bh3 Rcd8 20. Kh2 Kh7 21. Nd1 g5 22. hxg5 hxg5 23. exf5 Nxf5 24. Ne3 Nxe3 25. fxe3 Bxh3 26. Kxh3 d5 27. Rxf8 Bxf8 28. Kg4 Kg6 29. Nc3 dxc4 30. dxc4 Rd3 31. Nd5 Rxa3 32. Rf1 Kg7 33. Kxg5 Ra4 34. Rc1 Kf7 35. Kf5 Bg7 36. g4 Ra2 37. Rf1 Ra4 38. g5 e4 39. g6+ Ke8 40. Ke6 Rxc4 41. Rf7 1-0

[Event "Lisbon-ch"]
[Site "Lisbon"]
[Date "2000.05.29"]
[Round "9"]
[White "Ferreira, Nelson Castelo Bran"]
[Black "Morais, Vitor Mestre"]
[Result "1-0"]
[WhiteElo "2208"]
[BlackElo "2156"]
[PlyCount "69"]
[EventDate "2000.05.15"]
[EventType "tourn"]
[EventRounds "11"]
[EventCountry "POR"]
[SourceTitle "EXT 2002"]
[Source "ChessBase"]
[SourceDate "2001.11.25"]
[SourceVersion "1"]
[SourceVersionDate "2001.11.25"]
[SourceQuality "1"]

1. d4 d6 2. Nf3 Bg4 3. g3 e5 4. dxe5 Nc6 5. exd6 Bxd6 6. Bg2 Qd7 7. Bf4 Bxf4 8. Qxd7+ Bxd7 9. gxf4 0-0-0 10. Nc3 Bg4 11. e3 Nh6 12. 0-0 f6 13. Rfd1 Nf5 14. Rxd8+ Rxd8 15. a3 Nce7 16. Rd1 Ng6 17. Rxd8+ Kxd8 18. Kf1 c6 19. Ne4 Kd7 20. h3 Bxf3 21. Bxf3 Nd6 22. Nxd6 Kxd6 23. Ke2 Ne7 24. e4 g5 25. e5+ fxe5 26. fxg5 Ke6 27. Be4 Ng6 28. Kf3 Kf7 29. Kg4 Nf8 30. h4 Ke6 31. h5 Kf7 32. Bxh7 Nxh7 33. g6+ Kg7 34. gxh7 Kxh7 35. Kf5 1-0

[Event "Lisbon-ch"]
[Site "Lisbon"]
[Date "2000.05.22"]
[Round "5"]
[White "Guerra, Vitor Manuel Vestia"]
[Black "Ferreira, Nelson Castelo Bran"]
[Result "1/2-1/2"]
[WhiteElo "2131"]
[BlackElo "2208"]
[PlyCount "153"]
[EventDate "2000.05.15"]
[EventType "tourn"]
[EventRounds "11"]
[EventCountry "POR"]
[SourceTitle "EXT 2002"]
[Source "ChessBase"]
[SourceDate "2001.11.25"]
[SourceVersion "1"]
[SourceVersionDate "2001.11.25"]
[SourceQuality "1"]

1. d4 Nf6 2. c4 e6 3. Nf3 d5 4. cxd5 exd5 5. Nc3 Be7 6. Bg5 0-0 7. e3 c6 8. Qc2 Nbd7 9. Bd3 Re8 10. 0-0 Nf8 11. Rab1 Ne4 12. Bxe7 Qxe7 13. b4 Nxc3 14. Qxc3 Be6 15. Rfc1 Rec8 16. Rc2 Nd7 17. a4 f6 18. Rbc1 Kf7 19. Qb2 g6 20. Nd2 f5 21. Nf3 a6 22. b5 axb5 23. axb5 h6 24. bxc6 bxc6 25. Rxc6 Rxc6 26. Rxc6 Qa3 27. Qd2 Qa4 28. Rc7 Kf6 29. h4 Qa1+ 30. Rc1 Qa4 31. Bf1 Qb3 32. Ne5 Ra2 33. Nxd7+ Bxd7 34. Qc3 Qxc3 35. Rxc3 Ra1 36. Rc5 f4 37. exf4 Rd1 38. f3 Rxd4 39. Kf2 Rxf4 40. Rxd5 Be6 41. Ra5 Rxh4 42. g4 g5 43. Ra6 Ke5 44. Kg3 Rh1 45. Ra5+ Kf6 46. Kg2 Rh4 47. Be2 Ke7 48. Ra6 Bd7 49. Ra7 Kd6 50. Ra6+ Ke7 51. Ra7 Kd6 52. Bd1 Bc6 53. Kg1 h5 54. gxh5 Rxh5 55. Rg7 Bd5 56. Kg2 Ke6 57. Rg6+ Kf7 58. Bc2 Be6 59. Be4 Rh8 60. Bd3 Rd8 61. Be4 Rh8 62. Kg3 Rh3+ 63. Kf2 Rh2+ 64. Ke3 Rh5 65. Kd4 Ke7 66. Rg7+ Kf6 67. Rg6+ Kf7 68. Ke3 Ke7 69. Bd3 g4 70. fxg4 Rh3+ 71. Kd4 Rg3 72. Ke5 Bf7 73. Rd6 Re3+ 74. Kf4 Kxd6 75. Kxe3 Ke5 76. Kf3 Kf6 77. Kf4 1/2-1/2

[Event "Lisbon-ch"]
[Site "Lisbon"]
[Date "2000.05.15"]
[Round "1"]
[White "Dias, Paulo Jorge Guimara"]
[Black "Ferreira, Nelson Castelo Bran"]
[Result "1-0"]
[WhiteElo "2267"]
[BlackElo "2208"]
[PlyCount "115"]
[EventDate "2000.05.15"]
[EventType "tourn"]
[EventRounds "11"]
[EventCountry "POR"]
[SourceTitle "EXT 2002"]
[Source "ChessBase"]
[SourceDate "2001.11.25"]
[SourceVersion "1"]
[SourceVersionDate "2001.11.25"]
[SourceQuality "1"]

1. e4 d6 2. d4 Nf6 3. Nc3 c6 4. Be3 Qa5 5. f3 e5 6. Qd2 Be7 7. Bd3 Na6 8. Nge2 b5 9. 0-0 Qc7 10. a3 b4 11. axb4 Nxb4 12. Nb5 cxb5 13. Qxb4 0-0 14. Qxb5 Bd7 15. Qa5 Qxa5 16. Rxa5 Bd8 17. Ra2 Bb6 18. Kf2 d5 19. dxe5 dxe4 20. exf6 exd3 21. cxd3 gxf6 22. Bxb6 axb6 23. Rxa8 Rxa8 24. Nc3 Kg7 25. Re1 Bf5 26. d4 b5 27. Nxb5 Rb8 28. Nd6 Be6 29. Rb1 Ba2 30. Rd1 Rxb2+ 31. Kg3 Kg6 32. d5 f5 33. Ne8 Rb8 34. Nc7 Kf6 35. d6 Rd8 36. Kf4 Bb3 37. Rd4 Be6 38. Nd5+ Bxd5 39. Rxd5 Ke6 40. Rd2 Rd7 41. Kg5 f6+ 42. Kf4 Rxd6 43. Rxd6+ Kxd6 44. Kxf5 Ke7 45. g4 Kf7 46. g5 fxg5 47. Kxg5 Kg7 48. Kf5 Kf7 49. f4 Ke7 50. Ke5 Kf7 51. f5 Ke7 52. f6+ Kf7 53. Kf5 Kf8 54. Ke6 Ke8 55. f7+ Kf8 56. Kf6 h5 57. h3 h4 58. Ke6 1-0

[Event "Lisbon Batle of Masters"]
[Site "Lisbon"]
[Date "2000.03.01"]
[Round "3"]
[White "Ferreira, Nelson Castelo Bran"]
[Black "Damaso, Rui"]
[Result "0-1"]
[WhiteElo "2178"]
[BlackElo "2425"]
[PlyCount "83"]
[EventDate "2000.02.28"]
[EventType "tourn"]
[EventRounds "11"]
[EventCountry "POR"]
[SourceTitle "EXT 2001"]
[Source "ChessBase"]
[SourceDate "2000.11.22"]
[SourceVersion "1"]
[SourceVersionDate "2000.11.22"]
[SourceQuality "1"]

1. d4 Nf6 2. Nf3 d5 3. Bf4 c6 4. e3 Qb6 5. Qc1 Bf5 6. Nh4 Be6 7. Bd3 g6 8. Nd2 Bg7 9. h3 c5 10. c3 Nc6 11. Nhf3 Rc8 12. Qb1 0-0 13. 0-0 a6 14. Bh2 Rfd8 15. Ne5 Nd7 16. Nxd7 Bxd7 17. f4 e6 18. Nf3 Na5 19. Re1 Bb5 20. Re2 Bxd3 21. Qxd3 Nc4 22. Rb1 Nd6 23. Nd2 Qc6 24. Kh1 Qa4 25. dxc5 Rxc5 26. a3 a5 27. Nf3 b5 28. Nd4 Ne4 29. b3 Qxa3 30. Nxb5 Rxb5 31. Qxb5 Nxc3 32. Qb6 Ra8 33. Rbe1 Nxe2 34. Rxe2 Rc8 35. Bg3 Qb4 36. Qxb4 axb4 37. Ra2 Rc1+ 38. Kh2 Bc3 39. Ra8+ Kg7 40. Bh4 Bd2 41. Rb8 Bxe3 42. Rxb4 0-1

[Event "Portuguese Masters"]
[Site "Viseu"]
[Date "2000.02.20"]
[Round "9"]
[White "Ferreira, Nelson Castelo Bran"]
[Black "Blalock, Rex E"]
[Result "1/2-1/2"]
[WhiteElo "2208"]
[BlackElo "2138"]
[PlyCount "33"]
[EventDate "2000.02.12"]
[EventType "tourn"]
[EventRounds "9"]
[EventCountry "POR"]
[EventCategory "1"]
[SourceTitle "CBM 074 Extra"]
[Source "ChessBase"]
[SourceDate "2000.03.10"]
[SourceVersion "2"]
[SourceVersionDate "2000.03.10"]
[SourceQuality "1"]

1. d4 Nf6 2. c4 g6 3. Nc3 Bg7 4. e4 d6 5. f3 0-0 6. Be3 Nc6 7. Qd2 a6 8. Nge2 Rb8 9. d5 Ne5 10. Nd4 c5 11. dxc6 bxc6 12. Rb1 c5 13. Nc2 Nc6 14. Be2 e5 15. 0-0 Nd4 16. Nd5 Nxd5 17. cxd5 1/2-1/2

[Event "Portuguese Masters"]
[Site "Viseu"]
[Date "2000.02.14"]
[Round "3"]
[White "Galego, Luis"]
[Black "Ferreira, Nelson Castelo Bran"]
[Result "1-0"]
[WhiteElo "2451"]
[BlackElo "2208"]
[PlyCount "85"]
[EventDate "2000.02.12"]
[EventType "tourn"]
[EventRounds "9"]
[EventCountry "POR"]
[EventCategory "1"]
[SourceTitle "CBM 074 Extra"]
[Source "ChessBase"]
[SourceDate "2000.03.10"]
[SourceVersion "2"]
[SourceVersionDate "2000.03.10"]
[SourceQuality "1"]

1. d4 d5 2. Nf3 Nf6 3. c4 e6 4. Nc3 c6 5. e3 Nbd7 6. Bd3 dxc4 7. Bxc4 b5 8. Bd3 a6 9. 0-0 Bb7 10. e4 c5 11. d5 c4 12. Bc2 e5 13. Ne2 Bd6 14. Ng3 g6 15. Bh6 Qb6 16. h3 0-0-0 17. Ng5 Ng8 18. Bg7 h6 19. Nxf7 Rh7 20. Nxd8 Kxd8 21. Bxh6 Nxh6 22. a4 Bc5 23. axb5 axb5 24. Qd2 Nf7 25. Ra2 Rh4 26. b3 cxb3 27. Bxb3 Rf4 28. Kh2 Bd4 29. f3 Be3 30. Qd3 Nd6 31. Ne2 Nxe4 32. g3 Nxg3 33. Nxg3 Rh4 34. Ne4 Nf6 35. Qc3 b4 36. Qe1 Bf4+ 37. Kg2 g5 38. Nxf6 Qxf6 39. Qxb4 Qf5 40. Qd6+ Ke8 41. Ba4+ Kf7 42. Bd7 Qd3 43. Be6+ 1-0

[Event "Portuguese Masters"]
[Site "Viseu"]
[Date "2000.02.13"]
[Round "2"]
[White "Ferreira, Nelson Castelo Bran"]
[Black "Ribeiro, Fernando"]
[Result "1-0"]
[WhiteElo "2208"]
[BlackElo "2207"]
[PlyCount "91"]
[EventDate "2000.02.12"]
[EventType "tourn"]
[EventRounds "9"]
[EventCountry "POR"]
[EventCategory "1"]
[SourceTitle "CBM 074 Extra"]
[Source "ChessBase"]
[SourceDate "2000.03.10"]
[SourceVersion "2"]
[SourceVersionDate "2000.03.10"]
[SourceQuality "1"]

1. Nf3 c5 2. c4 Nf6 3. Nc3 Nc6 4. g3 b6 5. Bg2 Bb7 6. 0-0 e6 7. e4 d6 8. d4 cxd4 9. Nxd4 Rc8 10. b3 Be7 11. Ba3 a6 12. Rc1 Ne5 13. f4 Neg4 14. Qe2 Qc7 15. h3 Nh6 16. Rfd1 Nhg8 17. f5 Nh6 18. fxe6 0-0 19. Nd5 Nxd5 20. cxd5 Qb8 21. Rxc8 Rxc8 22. Nf5 Nxf5 23. exf5 f6 24. Qh5 Rf8 25. Rc1 b5 26. Qe2 Rc8 27. Rxc8+ Qxc8 28. Qh5 Qf8 29. Be4 Bd8 30. Kg2 Bb6 31. Kf3 Bc7 32. g4 a5 33. Bb2 Bd8 34. Bd4 b4 35. Ke3 Ba6 36. g5 Bb5 37. h4 Be8 38. g6 h6 39. Qe2 Qe7 40. Qa6 Qc7 41. Kd2 Kf8 42. Bd3 Qb8 43. Qa7 Qxa7 44. Bxa7 Ke7 45. Ba6 Bc7 46. Kd3 1-0